A remedial approach to the local belief on death in Ambilobe, Madagascar / (Record no. 25090)

MARC details
000 -LEADER
fixed length control field 00742nam a22001937a 4500
003 - CONTROL NUMBER IDENTIFIER
control field AUA.1
005 - DATE AND TIME OF LATEST TRANSACTION
control field 20250623091712.0
008 - FIXED-LENGTH DATA ELEMENTS--GENERAL INFORMATION
fixed length control field 250623b |||||||| |||| 00| 0 eng d
040 ## - CATALOGING SOURCE
Transcribing agency JTL
100 ## - MAIN ENTRY--PERSONAL NAME
Personal name Mbolatiana, David Tsilavina
245 ## - TITLE STATEMENT
Title A remedial approach to the local belief on death in Ambilobe, Madagascar /
Statement of responsibility, etc David Tsilavina Mbolatiana.
260 ## - PUBLICATION, DISTRIBUTION, ETC. (IMPRINT)
Date of publication, distribution, etc c2023.
300 ## - PHYSICAL DESCRIPTION
Extent ix, 75 leaves :
Other physical details ill. :
Dimensions 30 cm.
650 ## - SUBJECT ADDED ENTRY--TOPICAL TERM
Topical term or geographic name as entry element Death
Form subdivision Religious aspects
General subdivision Christianity
650 ## - SUBJECT ADDED ENTRY--TOPICAL TERM
Topical term or geographic name as entry element Death
Form subdivision Religious aspects
General subdivision Seventh-day Adventists
650 ## - SUBJECT ADDED ENTRY--TOPICAL TERM
Topical term or geographic name as entry element Death
Form subdivision Anthropological aspects
General subdivision Ambilobe, Madagascar
650 ## - SUBJECT ADDED ENTRY--TOPICAL TERM
Topical term or geographic name as entry element Death
Form subdivision Anthropological aspects
General subdivision Antakarana people, Madagascar
942 ## - ADDED ENTRY ELEMENTS (KOHA)
Source of classification or shelving scheme AUA Inhouse Classification
Koha item type Project
Classification part MA PTh
Item part .M36 2023
Holdings
Withdrawn status Lost status Source of classification or shelving scheme Damaged status Not for loan Collection code Home library Current library Shelving location Date acquired Source of acquisition Cost, normal purchase price Serial Enumeration / chronology Total Checkouts Full call number Barcode Date last seen Cost, replacement price Price effective from Koha item type
    AUA Inhouse Classification     JTL Research Collection Judith Thomas Library Judith Thomas Library Judith Thomas Library Research Section 23/06/2025 AUA Theological Seminary 25.00 AUA27933   MA PTh .M36 2023 AUA27933 23/06/2025 25.00 23/06/2025 Project